000 00246nam a2200097Ia 4500
008 200302s9999 xx 000 0 und d
100 _aAuthor
245 _aFevicol Furniture Book Wall Units Vol 1
260 _bPidilite Industries Ltd.,
260 _c1997
999 _c981
_d981